[Event "Titled Tuesday intern op 08th Mar Early"]
[Site "Chess.com INT"]
[Date "2022.03.08"]
[Round "11"]
[White "Ibraev, Vasilij"]
[Black "Iljin, Timofey"]
[Result "1-0"]
[WhiteElo "2112"]
[BlackElo "2299"]
[PlyCount "99"]
[EventDate "2022.03.08"]
[EventType "swiss (blitz)"]
[EventRounds "11"]
[EventCountry "USA"]
[SourceTitle "CBM 207 Extra"]
[Source "ChessBase"]
[SourceDate "2022.05.31"]
[SourceVersion "1"]
[SourceVersionDate "2022.05.31"]
[SourceQuality "1"]

1. d4 f5 2. e4 fxe4 3. Nc3 Nf6 4. Bg5 g6 5. Bxf6 exf6 6. Nxe4 Bg7 7. Nf3 0-0 8. Bd3 d5 9. Ng3 Nc6 10. 0-0 Bg4 11. c3 Qd7 12. h3 Be6 13. Re1 Rfe8 14. Qb3 Rab8 15. Re2 Bf7 16. Rae1 Rxe2 17. Rxe2 h5 18. Nh4 Ne7 19. Qc2 f5 20. Nf3 Nc6 21. Ng5 Re8 22. Nxf7 Qxf7 23. Rxe8+ Qxe8 24. Qb3 Ne7 25. Qxb7 Qc6 26. Qxa7 f4 27. Nf1 Qd6 28. a4 Nc6 29. Qa8+ Kh7 30. Bb5 Ne7 31. a5 f3 32. g3 h4 33. g4 g5 34. Bd3+ Ng6 35. Qe8 Kh6 36. Qxg6+ Qxg6 37. Bxg6 Kxg6 38. a6 c5 39. a7 cxd4 40. cxd4 Bxd4 41. a8Q Bxb2 42. Qxd5 Bf6 43. Qxf3 Kg7 44. Ne3 Kg6 45. Qf5+ Kg7 46. Nd5 Kf7 47. Qxf6+ Ke8 48. Qg7 Kd8 49. Qe7+ Kc8 50. Qc7# 1-0

[Event "Titled Tuesday intern op 08th Mar Early"]
[Site "Chess.com INT"]
[Date "2022.03.08"]
[Round "5"]
[White "Mikhalsky, Vladimir"]
[Black "Ibraev, Vasilij"]
[Result "1-0"]
[WhiteElo "2269"]
[BlackElo "2112"]
[PlyCount "63"]
[EventDate "2022.03.08"]
[EventType "swiss (blitz)"]
[EventRounds "11"]
[EventCountry "USA"]
[SourceTitle "CBM 207 Extra"]
[Source "ChessBase"]
[SourceDate "2022.05.31"]
[SourceVersion "1"]
[SourceVersionDate "2022.05.31"]
[SourceQuality "1"]

1. e4 c5 2. Nf3 e6 3. b3 Nc6 4. Bb2 Nf6 5. e5 Nd5 6. c4 Nde7 7. Nc3 b6 8. Bd3 Ng6 9. Nb5 Bb7 10. 0-0 Be7 11. Nd6+ Bxd6 12. exd6 0-0 13. Bb1 Qb8 14. d4 Qxd6 15. dxc5 Qxc5 16. Qxd7 Rab8 17. Qd2 Rfd8 18. Qc3 Nd4 19. Nxd4 e5 20. Nf5 Qc6 21. Qg3 f6 22. Qxg6 hxg6 23. Ne7+ Kf7 24. Nxc6 Bxc6 25. Bc3 g5 26. f3 e4 27. Bxe4 Bxe4 28. fxe4 Rd3 29. Rf3 Rbd8 30. Raf1 Rxf3 31. Rxf3 Ke6 32. Kf1 1-0

[Event "Titled Tuesday intern op 08th Mar Early"]
[Site "Chess.com INT"]
[Date "2022.03.08"]
[Round "4"]
[White "Soderstrom, Adrian"]
[Black "Ibraev, Vasilij"]
[Result "1-0"]
[WhiteElo "2262"]
[BlackElo "2112"]
[PlyCount "83"]
[EventDate "2022.03.08"]
[EventType "swiss (blitz)"]
[EventRounds "11"]
[EventCountry "USA"]
[SourceTitle "CBM 207 Extra"]
[Source "ChessBase"]
[SourceDate "2022.05.31"]
[SourceVersion "1"]
[SourceVersionDate "2022.05.31"]
[SourceQuality "1"]

1. d4 Nf6 2. c4 e6 3. Nf3 b6 4. g3 Bb7 5. Bg2 c5 6. d5 exd5 7. 0-0 dxc4 8. e4 d6 9. Nc3 Be7 10. Nh4 0-0 11. e5 Bxg2 12. exf6 Bxf1 13. fxe7 Qxe7 14. Nd5 Qd7 15. Kxf1 Nc6 16. Nf5 Qe6 17. Qg4 g6 18. Nh6+ Kh8 19. Qxe6 fxe6 20. Nc7 Rac8 21. Nxe6 Rfe8 22. Nf7+ Kg8 23. Nh6+ Kh8 24. Nf7+ Kg8 25. Nxd6 Rxe6 26. Nxc8 Kf7 27. Bf4 g5 28. Bxg5 Ke8 29. Rd1 Nd4 30. Nxa7 Kd7 31. Nb5 Re4 32. Nxd4 cxd4 33. Be3 d3 34. b3 Kc6 35. bxc4 Rxc4 36. Rxd3 b5 37. Ra3 Rc2 38. Ra7 h5 39. h4 b4 40. Kg2 Kb5 41. Kf3 Rb2 42. Kf4 1-0

[Event "Titled Tuesday intern op 6th Aug"]
[Site "Chess.com INT"]
[Date "2019.08.06"]
[Round "3"]
[White "Ibraev, Vasilij"]
[Black "Baches Garcia, Guillermo"]
[Result "1/2-1/2"]
[WhiteElo "2108"]
[BlackElo "2322"]
[PlyCount "31"]
[EventDate "2019.08.06"]
[EventType "swiss (blitz)"]
[EventRounds "10"]
[EventCountry "USA"]
[SourceTitle "EXT 2021"]
[Source "ChessBase"]
[SourceDate "2020.10.23"]
[SourceVersion "1"]
[SourceVersionDate "2020.10.23"]
[SourceQuality "1"]

1. Nf3 Nf6 2. c4 e6 3. g3 d5 4. b3 c5 5. cxd5 Nxd5 6. Bb2 Nc6 7. Bg2 Nf6 8. 0-0 Be7 9. Ne5 Nxe5 10. Bxe5 0-0 11. d3 Nd7 12. Bb2 Rb8 13. Nd2 b6 14. Rc1 Bb7 15. Nf3 Bf6 16. Qd2 1/2-1/2

[Event "Titled Tuesday intern op 5th March"]
[Site "Chess.com INT"]
[Date "2019.03.05"]
[Round "1"]
[White "Ibraev, Vasilij"]
[Black "Trent, Lawrence"]
[Result "0-1"]
[WhiteElo "2108"]
[BlackElo "2384"]
[PlyCount "68"]
[EventDate "2019.03.05"]
[EventType "swiss (blitz)"]
[EventRounds "10"]
[EventCountry "USA"]
[SourceTitle "EXT 2021"]
[Source "ChessBase"]
[SourceDate "2020.10.23"]
[SourceVersion "1"]
[SourceVersionDate "2020.10.23"]
[SourceQuality "1"]

1. d4 d5 2. Nf3 Nf6 3. c4 e6 4. Nc3 dxc4 5. e3 a6 6. Bxc4 b5 7. Be2 Bb7 8. 0-0 Nbd7 9. Bd2 Bd6 10. Rc1 0-0 11. Bd3 e5 12. Bb1 Qe7 13. dxe5 Nxe5 14. Nd4 Neg4 15. h3 Nh6 16. Re1 c5 17. Nf3 Rad8 18. Qe2 Bb8 19. e4 Rfe8 20. Bg5 Qf8 21. Rcd1 Rxd1 22. Rxd1 b4 23. Bxf6 gxf6 24. Nd5 Qg7 25. Qd2 f5 26. exf5 f6 27. Bc2 Kh8 28. Kf1 Rg8 29. g3 Bxg3 30. fxg3 Qxg3 31. Qf2 Qxh3+ 32. Ke1 Ng4 33. Qf1 Qg3+ 34. Kd2 Bxd5 0-1

[Event "Titled Tuesday intern op 5th March"]
[Site "Chess.com INT"]
[Date "2019.03.05"]
[Round "2"]
[White "Osmanodja, Filiz"]
[Black "Ibraev, Vasilij"]
[Result "0-1"]
[WhiteElo "2326"]
[BlackElo "2108"]
[PlyCount "122"]
[EventDate "2019.03.05"]
[EventType "swiss (blitz)"]
[EventRounds "10"]
[EventCountry "USA"]
[SourceTitle "EXT 2021"]
[Source "ChessBase"]
[SourceDate "2020.10.23"]
[SourceVersion "1"]
[SourceVersionDate "2020.10.23"]
[SourceQuality "1"]

1. e4 c5 2. Nc3 d6 3. Nf3 Nc6 4. d4 cxd4 5. Nxd4 Nf6 6. Bg5 e6 7. Qd2 a6 8. 0-0-0 Bd7 9. f3 Nxd4 10. Qxd4 Be7 11. Kb1 Bc6 12. g4 Qc7 13. Be3 0-0 14. h4 Nd7 15. g5 b5 16. h5 b4 17. Ne2 Rfc8 18. f4 Ba4 19. Rc1 Bxc2+ 20. Ka1 Qb7 21. Bg2 e5 22. Qd2 Bxe4 23. Bxe4 Qxe4 24. Ng3 Qb7 25. Nf5 Bf8 26. g6 hxg6 27. hxg6 fxg6 28. Nxd6 Rxc1+ 29. Rxc1 Bxd6 30. Qxd6 Nf6 31. fxe5 Nh5 32. Qxg6 Qf7 33. Qe4 Re8 34. Bd4 Ng3 35. Qg4 Nf5 36. Rf1 Nh6 37. Rxf7 Nxg4 38. Rf4 Nxe5 39. Re4 Rc8 40. a3 Nc6 41. Bc5 bxa3 42. Bxa3 Kf7 43. Ra4 a5 44. Rg4 Kf6 45. Bc5 g5 46. Be3 Rg8 47. Rc4 Ne5 48. Ra4 g4 49. Rxa5 Nc4 50. Ra6+ Kf5 51. Bg1 g3 52. Rc6 Nd2 53. Rc5+ Ke4 54. Ra5 Nb3+ 55. Ka2 Nxa5 56. b4 Nc4 57. Kb3 Nd2+ 58. Ka4 Nf3 59. Bc5 Nd4 60. b5 Nxb5 61. Kxb5 g2 0-1

[Event "Nezhmetdinov Memorial 32nd"]
[Site "Kazan"]
[Date "2010.06.04"]
[Round "5"]
[White "Ibraev, Vasilij"]
[Black "Kalinin, Nikita"]
[Result "0-1"]
[WhiteElo "2258"]
[BlackElo "2032"]
[PlyCount "58"]
[EventDate "2010.05.31"]
[EventType "swiss"]
[EventRounds "9"]
[EventCountry "RUS"]
[SourceTitle "CBM 136 Extra"]
[Source "ChessBase"]
[SourceDate "2010.07.02"]
[SourceVersion "2"]
[SourceVersionDate "2010.07.15"]
[SourceQuality "1"]

1. c4 c6 2. Nf3 Nf6 3. b3 d5 4. Bb2 Bf5 5. g3 h6 6. Bg2 e6 7. 0-0 Bd6 8. d3 0-0 9. Nbd2 Re8 10. Rc1 Nbd7 11. Re1 e5 12. cxd5 cxd5 13. e4 Be6 14. d4 Nxe4 15. Nxe4 dxe4 16. Nxe5 f5 17. Nc4 Bb4 18. Re2 Nf6 19. Rec2 Rc8 20. Bf1 f4 21. Ne5 Rxc2 22. Rxc2 Nd5 23. Qh5 e3 24. Bd3 Nf6 25. Qg6 Bd2 26. Kf1 Bh3+ 27. Ke2 Rxe5 28. dxe5 exf2 29. Kxf2 Qb6+ 0-1

[Event "Nezhmetdinov Memorial 32nd"]
[Site "Kazan"]
[Date "2010.05.31"]
[Round "1"]
[White "Ibraev, Vasilij"]
[Black "Ryskanov, Ildar"]
[Result "1-0"]
[WhiteElo "2258"]
[BlackElo "1976"]
[PlyCount "75"]
[EventDate "2010.05.31"]
[EventType "swiss"]
[EventRounds "9"]
[EventCountry "RUS"]
[SourceTitle "CBM 136 Extra"]
[Source "ChessBase"]
[SourceDate "2010.07.02"]
[SourceVersion "2"]
[SourceVersionDate "2010.07.15"]
[SourceQuality "1"]

1. e4 e5 2. Bc4 Nf6 3. d3 Bc5 4. Nf3 Nc6 5. c3 0-0 6. Bb3 d6 7. Bg5 h6 8. Bh4 g5 9. Bg3 Be6 10. Nbd2 Qe7 11. Qe2 Nd7 12. Nc4 f5 13. exf5 Rxf5 14. Nfd2 d5 15. Ne3 Bxe3 16. fxe3 Raf8 17. 0-0-0 Nc5 18. d4 Nxb3+ 19. Nxb3 e4 20. Qb5 Bc8 21. h4 g4 22. Rdf1 a6 23. Qe2 h5 24. Rxf5 Rxf5 25. Rf1 Qf7 26. Rxf5 Bxf5 27. Qf2 Nd8 28. Bxc7 Qxc7 29. Qxf5 Nf7 30. Qxd5 Qe7 31. Qxh5 Qe6 32. Nc5 Qxa2 33. Qxg4+ Kf8 34. Qxe4 Qa1+ 35. Kc2 Qf1 36. Ne6+ Ke7 37. Ng5+ Kf8 38. Qf3 1-0

[Event "Nezhmetdinov Memorial 31st"]
[Site "Kazan"]
[Date "2009.06.07"]
[Round "8"]
[White "Gorozhankina, Julia"]
[Black "Ibraev, Vasilij"]
[Result "1/2-1/2"]
[WhiteElo "2080"]
[BlackElo "2266"]
[PlyCount "63"]
[EventDate "2009.05.31"]
[EventType "swiss"]
[EventRounds "9"]
[EventCountry "RUS"]
[SourceTitle "CBM 130 Extra"]
[Source "ChessBase"]
[SourceDate "2009.07.02"]
[SourceVersion "2"]
[SourceVersionDate "2009.07.15"]
[SourceQuality "1"]

1. e4 c5 2. Nf3 d6 3. Bb5+ Bd7 4. Bxd7+ Qxd7 5. c4 Nf6 6. Nc3 g6 7. d4 cxd4 8. Nxd4 Bg7 9. f3 0-0 10. 0-0 Nc6 11. Nde2 a6 12. a4 Qc7 13. Be3 Rac8 14. Rc1 Nb4 15. b3 Nd7 16. Nf4 Rfe8 17. Kh1 Nc5 18. Ncd5 Nxd5 19. Nxd5 Qd8 20. b4 Nd7 21. a5 e6 22. Nb6 Nxb6 23. Bxb6 Qe7 24. Qb3 Bh6 25. Rcd1 Bf8 26. Rd3 h5 27. Rfd1 Qg5 28. Be3 Qf6 29. Bd4 Qg5 30. Be3 Qf6 31. Bd4 Qg5 32. Be3 1/2-1/2

[Event "Nezhmetdinov Memorial 31st"]
[Site "Kazan"]
[Date "2009.06.02"]
[Round "3"]
[White "Ibraev, Vasilij"]
[Black "Sadykov, Ramil"]
[Result "0-1"]
[WhiteElo "2266"]
[BlackElo "2168"]
[PlyCount "80"]
[EventDate "2009.05.31"]
[EventType "swiss"]
[EventRounds "9"]
[EventCountry "RUS"]
[SourceTitle "CBM 130 Extra"]
[Source "ChessBase"]
[SourceDate "2009.07.02"]
[SourceVersion "2"]
[SourceVersionDate "2009.07.15"]
[SourceQuality "1"]

1. e4 e6 2. d3 d5 3. Nd2 Nf6 4. Ngf3 c5 5. g3 Nc6 6. Bg2 b6 7. 0-0 Bb7 8. Re1 Be7 9. c3 dxe4 10. dxe4 0-0 11. a4 Qc7 12. Nc4 Rad8 13. Qc2 Ba6 14. Bf4 Qc8 15. Nfd2 Nh5 16. Be3 e5 17. Bf1 Qe6 18. Be2 Nf6 19. Bg5 Ng4 20. Bxe7 Nxe7 21. f3 Nf6 22. b3 h5 23. a5 b5 24. Ne3 h4 25. g4 Ng6 26. Nf5 h3 27. Nf1 Nf4 28. N1e3 g6 29. Ng3 c4 30. b4 Bb7 31. Rad1 Nh7 32. Rxd8 Rxd8 33. Rd1 Qf6 34. Rxd8+ Qxd8 35. Qd1 Qe7 36. Nc2 Ng5 37. Ne1 Qf6 38. Bf1 Bc6 39. Qd2 Qe7 40. Ne2 Nd3 0-1

[Event "Privolzhskogo FO-ch"]
[Site "Kazan"]
[Date "2009.01.25"]
[Round "5"]
[White "Gorozhankina, Julia"]
[Black "Ibraev, Vasilij"]
[Result "1/2-1/2"]
[WhiteElo "2080"]
[BlackElo "2268"]
[PlyCount "44"]
[EventDate "2009.01.21"]
[EventType "swiss"]
[EventRounds "9"]
[EventCountry "RUS"]
[SourceTitle "EXT 2010"]
[Source "ChessBase"]
[SourceDate "2010.11.25"]
[SourceVersion "1"]
[SourceVersionDate "2010.11.25"]
[SourceQuality "1"]

1. e4 c5 2. Nf3 Nc6 3. Bb5 g6 4. Bxc6 bxc6 5. 0-0 Bg7 6. Re1 Nf6 7. e5 Nd5 8. d4 cxd4 9. Qxd4 0-0 10. c4 Nc7 11. Nc3 f6 12. Qh4 Ne6 13. Qg3 Qc7 14. Bd2 fxe5 15. Nxe5 d6 16. Nf3 Nc5 17. Bg5 e5 18. Rad1 Bf5 19. Nh4 Bc8 20. Be3 Nb7 21. Nf3 Bf5 22. Re2 a5 1/2-1/2

[Event "Nezhmetdinov Memorial 30th"]
[Site "Kazan"]
[Date "2008.06.08"]
[Round "8"]
[White "Ibraev, Vasilij"]
[Black "Zablotsky, Sergei"]
[Result "0-1"]
[WhiteElo "2277"]
[BlackElo "2508"]
[PlyCount "32"]
[EventDate "2008.06.01"]
[EventType "swiss"]
[EventRounds "9"]
[EventCountry "RUS"]
[SourceTitle "EXT 2009"]
[Source "ChessBase"]
[SourceDate "2008.11.26"]
[SourceVersion "1"]
[SourceVersionDate "2008.11.26"]
[SourceQuality "1"]

1. c4 Nf6 2. Nc3 e5 3. Nf3 d6 4. e4 c6 5. Be2 Be7 6. 0-0 0-0 7. d4 Nbd7 8. Qc2 a6 9. Rd1 Qc7 10. Bg5 h6 11. Bh4 Re8 12. Rac1 Nf8 13. d5 c5 14. Ne1 Nxe4 15. Bxe7 Nxc3 16. Bh4 Nxd1 0-1

[Event "Kazan Region-ch 6th"]
[Site "Kazan"]
[Date "2008.01.27"]
[Round "5"]
[White "Ibraev, Vasilij"]
[Black "Gabdrakhmanov, Rafail"]
[Result "1/2-1/2"]
[WhiteElo "2277"]
[BlackElo "2413"]
[PlyCount "76"]
[EventDate "2008.01.23"]
[EventType "swiss"]
[EventRounds "9"]
[EventCountry "RUS"]
[SourceTitle "CBM 122 Extra"]
[Source "ChessBase"]
[SourceDate "2008.03.04"]
[SourceVersion "1"]
[SourceVersionDate "2008.03.04"]
[SourceQuality "1"]

1. d4 e6 2. c4 f5 3. g3 Nf6 4. Bg2 c6 5. Nf3 d5 6. 0-0 Bd6 7. b3 Qe7 8. Bb2 0-0 9. Qc1 Nbd7 10. Ba3 Bxa3 11. Nxa3 b6 12. Qb2 Ba6 13. Rac1 Rac8 14. Rfd1 Ne4 15. Nb1 b5 16. cxd5 cxd5 17. b4 Nd6 18. Rxc8 Bxc8 19. e3 Nc4 20. Qb3 g5 21. Nc3 a6 22. a4 Ndb6 23. axb5 axb5 24. Nxb5 Bd7 25. Nc3 Ra8 26. Rc1 Ra3 27. Qb1 Ba4 28. Nxa4 Rxa4 29. Bf1 Rxb4 30. Qa1 Ra4 31. Qb1 Rb4 32. Qa1 g4 33. Ne5 Ra4 34. Qb1 Qb4 35. Qxb4 Rxb4 36. Nd3 Rb5 37. Ne5 Rb4 38. Nd3 Rb5 1/2-1/2

[Event "Kazan Region-ch 6th"]
[Site "Kazan"]
[Date "2008.01.26"]
[Round "4"]
[White "Fedotov, Ivan"]
[Black "Ibraev, Vasilij"]
[Result "0-1"]
[WhiteElo "1969"]
[BlackElo "2277"]
[PlyCount "62"]
[EventDate "2008.01.23"]
[EventType "swiss"]
[EventRounds "9"]
[EventCountry "RUS"]
[SourceTitle "CBM 122 Extra"]
[Source "ChessBase"]
[SourceDate "2008.03.04"]
[SourceVersion "1"]
[SourceVersionDate "2008.03.04"]
[SourceQuality "1"]

1. e4 c5 2. Nf3 d6 3. d4 cxd4 4. Nxd4 Nf6 5. Nc3 a6 6. Be3 e5 7. Nb3 Be7 8. f3 Be6 9. Qd2 b5 10. 0-0-0 Nbd7 11. g4 Nb6 12. Qf2 Nfd7 13. Nd5 Bxd5 14. exd5 Nc4 15. Bxc4 bxc4 16. Nd2 c3 17. Nb3 cxb2+ 18. Kb1 0-0 19. h4 Qc7 20. g5 a5 21. a4 Qc4 22. h5 Qxa4 23. g6 hxg6 24. hxg6 fxg6 25. Qg2 Rfc8 26. Qxg6 Nf8 27. Qd3 Qc4 28. Kxb2 a4 29. Qxc4 Rxc4 30. Nd2 Rb8+ 31. Ka3 Rc3+ 0-1

[Event "Nezhmetdinov Memorial 28th"]
[Site "Kazan"]
[Date "2006.06.05"]
[Round "5"]
[White "Ibraev, Vasilij"]
[Black "Shkuro, Alexandr"]
[Result "1-0"]
[WhiteElo "2329"]
[BlackElo "2091"]
[PlyCount "97"]
[EventDate "2006.06.01"]
[EventType "swiss"]
[EventRounds "9"]
[EventCountry "RUS"]
[SourceTitle "CBM 112 Extra"]
[Source "ChessBase"]
[SourceDate "2006.07.14"]
[SourceVersion "1"]
[SourceVersionDate "2006.07.14"]
[SourceQuality "1"]

1. Nf3 Nf6 2. c4 c5 3. Nc3 Nc6 4. g3 e5 5. Bg2 d6 6. d3 Be7 7. 0-0 0-0 8. a3 a5 9. Rb1 Bd7 10. Ne1 Qc8 11. Nc2 Bh3 12. Ne3 Bxg2 13. Kxg2 Nd4 14. Ned5 Nxd5 15. Nxd5 Bd8 16. e3 Nc6 17. Bd2 Ne7 18. Nc3 Nc6 19. e4 Nd4 20. f4 f5 21. Be3 b6 22. Nd5 Ra7 23. Bxd4 cxd4 24. Qe2 Raf7 25. exf5 Rxf5 26. fxe5 dxe5 27. Rxf5 Qxf5 28. Rf1 Qxf1+ 29. Qxf1 Rxf1 30. Kxf1 Kf7 31. a4 h5 32. Ke2 Ke6 33. Kf3 Kf5 34. h3 g6 35. b4 axb4 36. Nxb4 Ke6 37. Ke4 Kd6 38. g4 hxg4 39. hxg4 Kc5 40. Nc2 Kd6 41. Ne1 Ke6 42. Nf3 Bc7 43. g5 Bd8 44. Nxe5 Bxg5 45. Nxg6 Bf6 46. Nf4+ Kd6 47. Nd5 Bg7 48. Nxb6 Kc5 49. Nd5 1-0

[Event "Voronezh op 6th"]
[Site "Voronezh"]
[Date "2002.06.12"]
[Round "1"]
[White "Ibraev, Vasilij"]
[Black "Gleizerov, Evgeny"]
[Result "0-1"]
[WhiteElo "2325"]
[BlackElo "2581"]
[PlyCount "87"]
[EventDate "2002.06.12"]
[EventType "swiss"]
[EventRounds "9"]
[EventCountry "RUS"]
[SourceTitle "CBM 088 Extra"]
[Source "ChessBase"]
[SourceDate "2002.07.01"]
[SourceVersion "2"]
[SourceVersionDate "2002.07.01"]
[SourceQuality "1"]

1. d4 e6 2. c4 f5 3. Nc3 Nf6 4. g3 d5 5. Bg2 c6 6. Nf3 Bd6 7. 0-0 0-0 8. b3 Qe7 9. Bb2 b6 10. a4 a5 11. Ne5 Bb7 12. e3 Na6 13. Nd3 Rad8 14. Qc1 Rc8 15. Rd1 Rfd8 16. Ba3 Nb4 17. Bxb4 Bxb4 18. Ne2 Ba6 19. Nef4 Bd6 20. h4 Ne4 21. Bxe4 dxe4 22. Ne5 c5 23. Qc3 Bb7 24. Kf1 Re8 25. Ra2 Qc7 26. Rad2 cxd4 27. exd4 Bb4 28. Qe3 Bxd2 29. Rxd2 Rcd8 30. Ne2 Qd6 31. Kg1 Qa3 32. Qc3 e3 33. fxe3 Qe7 34. Kf2 Ba8 35. Qc1 Qb7 36. Qg1 Qe4 37. Nc3 Qxe5 38. dxe5 Rxd2+ 39. Ne2 Red8 40. Qc1 Ra2 41. Ke1 Rd3 42. c5 Bf3 43. Nd4 Rh2 44. Qc4 0-1